[Event "Icelandic Team Championship 2019-21 - 1s"]
[Site "Reykjavik (round 1-5) and Self"]
[Date "2021.05.14"]
[Round "6.3"]
[White "Gudmundsson, Bjorgvin S"]
[Black "Gudjonsson, Sindri"]
[Result "1/2-1/2"]
[WhiteElo "1964"]
[BlackElo "1852"]
[PlyCount "30"]
[EventDate "2019.10.03"]
[WhiteTeam "Skákfélag Selfoss og nágrennis"]
[BlackTeam "Taflfélag Garðabæjar"]

1. d4 {[%emt 0:00:00]} Nf6 {[%emt 0:00:00]} 2. Nf3 {[%emt 0:00:00]} d5 {
[%emt 0:00:00]} 3. c4 {[%emt 0:00:00]} dxc4 {[%emt 0:00:00]} 4. Na3 {[%emt 0:
00:00]} Bf5 {[%emt 0:00:00]} 5. e3 {[%emt 0:00:00]} e6 {[%emt 0:00:00]} 6. Nxc4
{[%emt 0:00:00]} Be7 {[%emt 0:00:00]} 7. Be2 {[%emt 0:00:00]} O-O {[%emt 0:00:
00]} 8. O-O {[%emt 0:00:00]} c5 {[%emt 0:00:00]} 9. Qb3 {[%emt 0:00:00]} b6 {
[%emt 0:00:00]} 10. Rd1 {[%emt 0:00:00]} Qc7 {[%emt 0:00:00]} 11. Bd2 {[%emt 0:
00:00]} Nc6 {[%emt 0:00:00]} 12. Rac1 {[%emt 0:00:00]} Rad8 {[%emt 0:00:00]}
13. Qa4 {[%emt 0:00:00]} Ne4 {[%emt 0:00:00]} 14. Be1 {[%emt 0:00:00]} Qb7 {
[%emt 0:00:00]} 15. Nce5 {[%emt 0:00:00]} Nxe5 {[%emt 0:00:00]} 1/2-1/2

[Event "Icelandic Team Championship 2019-21 - 1s"]
[Site "Reykjavik (round 1-5) and Self"]
[Date "2021.05.14"]
[Round "6.3"]
[White "Thorsson, Bjarnsteinn"]
[Black "Sigurdsson, Elvar Mar"]
[Result "1-0"]
[WhiteElo "1609"]
[BlackElo "1737"]
[PlyCount "73"]
[EventDate "2019.10.03"]
[WhiteTeam "Taflfélag Garðabæjar"]
[BlackTeam "Skákfélag Selfoss og nágrennis"]

1. e4 {[%emt 0:00:00]} e6 {[%emt 0:00:00]} 2. d4 {[%emt 0:00:00]} d5 {[%emt 0:
00:00]} 3. e5 {[%emt 0:00:00]} c5 {[%emt 0:00:00]} 4. c3 {[%emt 0:00:00]} Nc6 {
[%emt 0:00:00]} 5. Nf3 {[%emt 0:00:00]} Qb6 {[%emt 0:00:00]} 6. a4 {[%emt 0:00:
00]} cxd4 {[%emt 0:00:00]} 7. cxd4 {[%emt 0:00:00]} Nh6 {[%emt 0:00:00]} 8. Nc3
{[%emt 0:00:00]} Nf5 {[%emt 0:00:00]} 9. Bb5 {[%emt 0:00:00]} Bb4 {[%emt 0:00:
00]} 10. O-O {[%emt 0:00:00]} O-O {[%emt 0:00:00]} 11. Ne2 {[%emt 0:00:00]} a6
{[%emt 0:00:00]} 12. Bd3 {[%emt 0:00:00]} h6 {[%emt 0:00:00]} 13. Kh1 {[%emt 0:
00:00]} Bd7 {[%emt 0:00:00]} 14. Bd2 {[%emt 0:00:00]} Kh8 {[%emt 0:00:00]} 15.
Bc3 {[%emt 0:00:00]} f6 {[%emt 0:00:00]} 16. Bxf5 {[%emt 0:00:00]} exf5 {
[%emt 0:00:00]} 17. Nf4 {[%emt 0:00:00]} Bxc3 {[%emt 0:00:00]} 18. Ng6+ {
[%emt 0:00:00]} Kg8 {[%emt 0:00:00]} 19. Nxf8 {[%emt 0:00:00]} Rxf8 {[%emt 0:
00:00]} 20. bxc3 {[%emt 0:00:00]} fxe5 {[%emt 0:00:00]} 21. dxe5 {[%emt 0:00:
00]} Qa5 {[%emt 0:00:00]} 22. Qb3 {[%emt 0:00:00]} Nd8 {[%emt 0:00:00]} 23.
Rfd1 {[%emt 0:00:00]} Bc6 {[%emt 0:00:00]} 24. Nd4 {[%emt 0:00:00]} f4 {
[%emt 0:00:00]} 25. Nxc6 {[%emt 0:00:00]} bxc6 {[%emt 0:00:00]} 26. c4 {
[%emt 0:00:00]} f3 {[%emt 0:00:00]} 27. gxf3 {[%emt 0:00:00]} dxc4 {[%emt 0:00:
00]} 28. Qxc4+ {[%emt 0:00:00]} Kh8 {[%emt 0:00:00]} 29. Qe4 {[%emt 0:00:00]}
Qc5 {[%emt 0:00:00]} 30. e6 {[%emt 0:00:00]} Re8 {[%emt 0:00:00]} 31. e7 {
[%emt 0:00:00]} Nf7 {[%emt 0:00:00]} 32. Rdc1 {[%emt 0:00:00]} Qxf2 {[%emt 0:
00:00]} 33. Rxc6 {[%emt 0:04:04]} Ng5 {[%emt 0:00:00]} 34. Qf5 {[%emt 0:00:54]}
Nxf3 {[%emt 0:00:00]} 35. Rxh6+ {[%emt 0:03:54]} gxh6 {[%emt 0:00:00]} 36. Qf6+
{[%emt 0:03:57]} Kg8 {[%emt 0:00:07]} 37. Qg6+ {[%emt 0:00:02]} 1-0

[Event "Icelandic Team Championship 2019-21 - 1s"]
[Site "Reykjavik (round 1-5) and Self"]
[Date "2021.05.14"]
[Round "6.3"]
[White "Ottesen, Oddgeir"]
[Black "Hafdisarson, Ingi Thor"]
[Result "1-0"]
[WhiteElo "1765"]
[BlackElo "1283"]
[PlyCount "85"]
[EventDate "2019.10.03"]
[WhiteTeam "Skákfélag Selfoss og nágrennis"]
[BlackTeam "Taflfélag Garðabæjar"]

1. e4 {[%emt 0:00:00]} c5 {[%emt 0:00:00]} 2. Nf3 {[%emt 0:00:00]} d6 {[%emt 0:
00:00]} 3. d4 {[%emt 0:00:00]} cxd4 {[%emt 0:00:00]} 4. Nxd4 {[%emt 0:00:00]}
Nf6 {[%emt 0:00:00]} 5. Nc3 {[%emt 0:00:00]} a6 {[%emt 0:00:00]} 6. f3 {
[%emt 0:00:00]} e5 {[%emt 0:00:00]} 7. Nb3 {[%emt 0:00:00]} Nbd7 {[%emt 0:00:
00]} 8. g4 {[%emt 0:00:00]} b5 {[%emt 0:00:00]} 9. Be3 {[%emt 0:00:00]} Bb7 {
[%emt 0:00:00]} 10. g5 {[%emt 0:00:00]} Nh5 {[%emt 0:00:00]} 11. Qd2 {[%emt 0:
00:00]} Nb6 {[%emt 0:00:00]} 12. Na5 {[%emt 0:00:00]} Qc7 {[%emt 0:00:00]} 13.
Nxb7 {[%emt 0:00:00]} Qxb7 {[%emt 0:00:00]} 14. O-O-O {[%emt 0:00:00]} Nc4 {
[%emt 0:00:00]} 15. Bxc4 {[%emt 0:00:00]} bxc4 {[%emt 0:00:00]} 16. Nd5 {
[%emt 0:00:00]} Rb8 {[%emt 0:00:00]} 17. Qc3 {[%emt 0:00:00]} Be7 {[%emt 0:00:
00]} 18. Qa3 {[%emt 0:00:00]} O-O {[%emt 0:00:00]} 19. Nxe7+ {[%emt 0:00:00]}
Qxe7 {[%emt 0:00:00]} 20. Qxd6 {[%emt 0:00:00]} Qb7 {[%emt 0:00:00]} 21. Qxe5 {
[%emt 0:00:00]} Rfc8 {[%emt 0:00:00]} 22. Qc3 {[%emt 0:00:00]} Qb5 {[%emt 0:00:
00]} 23. Rd5 {[%emt 0:00:00]} Qa4 {[%emt 0:00:00]} 24. Ra5 {[%emt 0:00:00]} Qc6
{[%emt 0:00:00]} 25. Rc5 {[%emt 0:00:00]} Qa4 {[%emt 0:00:00]} 26. Rxc8+ {
[%emt 0:00:00]} Rxc8 {[%emt 0:00:00]} 27. a3 {[%emt 0:00:00]} f6 {[%emt 0:00:
00]} 28. Rd1 {[%emt 0:00:00]} Qc6 {[%emt 0:00:00]} 29. Qd4 {[%emt 0:00:00]} c3
{[%emt 0:00:00]} 30. Qd5+ {[%emt 0:00:00]} Qxd5 {[%emt 0:00:00]} 31. Rxd5 {
[%emt 0:00:00]} cxb2+ {[%emt 0:00:00]} 32. Kxb2 {[%emt 0:00:00]} Rc6 {[%emt 0:
00:00]} 33. a4 {[%emt 0:00:00]} Kf7 {[%emt 0:00:00]} 34. a5 {[%emt 0:00:00]}
Ke6 {[%emt 0:00:00]} 35. Kb3 {[%emt 0:00:00]} g6 {[%emt 0:00:00]} 36. c4 {
[%emt 0:00:00]} f5 {[%emt 0:00:00]} 37. exf5+ {[%emt 0:00:00]} gxf5 {[%emt 0:
00:00]} 38. Kc3 {[%emt 0:01:27]} Ng7 {[%emt 0:00:00]} 39. f4 {[%emt 0:02:53]}
Ne8 {[%emt 0:00:00]} 40. Re5+ {[%emt 0:00:40]} Kd7 {[%emt 0:00:00]} 41. Bc5 {
[%emt 0:01:05]} Nd6 {[%emt 0:00:00]} 42. Bxd6 {[%emt 0:00:48]} Kxd6 {[%emt 0:
00:00]} 43. Rxf5 {[%emt 0:00:08]} 1-0

[Event "Icelandic Team Championship 2019-21 - 1s"]
[Site "Reykjavik (round 1-5) and Self"]
[Date "2021.05.14"]
[Round "6.4"]
[White "Gretarsson, Hjorvar Steinn"]
[Black "Jonsson, Gauti Pall"]
[Result "1-0"]
[WhiteElo "2588"]
[BlackElo "2081"]
[PlyCount "53"]
[EventDate "2019.10.03"]
[WhiteTeam "Skákfélagið Huginn"]
[BlackTeam "Taflfélag Reykjavíkur b-sveit"]

1. c4 Nf6 2. Nc3 g6 3. e4 d6 4. d4 Bg7 5. h3 O-O 6. Be3 e5 7. d5 Na6 8. Nf3 Nc5
9. Nd2 c6 10. b4 cxd5 11. cxd5 Ncxe4 12. Ndxe4 Nxe4 13. Nxe4 f5 14. Nc3 f4 15.
Bd2 e4 16. Nxe4 Re8 17. Bd3 Bf5 18. f3 Qh4+ 19. Kf1 Bxe4 20. Bxe4 Rxe4 21. fxe4
f3 22. gxf3 Qg3 23. Rb1 Rf8 24. Rb3 Bd4 25. Qe2 Rc8 26. Qh2 Qh4 27. Ke2 1-0

[Event "Icelandic Team Championship 2019-21 - 1s"]
[Site "Reykjavik (round 1-5) and Self"]
[Date "2021.05.14"]
[Round "6.4"]
[White "Leosson, Torfi"]
[Black "Stefansson, Hannes"]
[Result "0-1"]
[WhiteElo "2152"]
[BlackElo "2532"]
[PlyCount "74"]
[EventDate "2019.10.03"]
[WhiteTeam "Taflfélag Reykjavíkur b-sveit"]
[BlackTeam "Skákfélagið Huginn"]

1. Nf3 Nf6 2. g3 b6 3. Bg2 Bb7 4. O-O g6 5. d3 d5 6. Nbd2 Bg7 7. c3 O-O 8. Qc2
c5 9. e4 Nc6 10. Re1 Qc7 11. a3 Rac8 12. Rb1 Rfd8 13. b4 dxe4 14. dxe4 Nd7 15.
b5 Nce5 16. c4 Qd6 17. Rb3 a6 18. a4 axb5 19. axb5 Ra8 20. Bb2 Ra2 21. Bxe5
Rxc2 22. Bxd6 exd6 23. Ra3 Ra8 24. Rxa8+ Bxa8 25. Bf1 Bc3 26. Rd1 Ne5 27. Nxe5
dxe5 28. Nf3 Bxe4 29. Ng5 Bf5 30. Rd8+ Kg7 31. g4 Bxg4 32. h3 Bf5 33. Bg2 Bd4
34. Bd5 Rxf2 35. Bxf7 Be3 36. Rg8+ Kf6 37. h4 Rc2+ 0-1

[Event "Icelandic Team Championship 2019-21 - 1s"]
[Site "Reykjavik (round 1-5) and Self"]
[Date "2021.05.14"]
[Round "6.4"]
[White "Thorhallsson, Throstur"]
[Black "Sveinsson, Rikhardur"]
[Result "1-0"]
[WhiteElo "2406"]
[BlackElo "2118"]
[PlyCount "59"]
[EventDate "2019.10.03"]
[WhiteTeam "Skákfélagið Huginn"]
[BlackTeam "Taflfélag Reykjavíkur b-sveit"]

1. e4 d6 2. d4 g6 3. Nc3 Bg7 4. f4 c6 5. Nf3 Nf6 6. Bd3 O-O 7. O-O Bg4 8. h3
Bxf3 9. Qxf3 e5 10. dxe5 dxe5 11. f5 Nfd7 12. Be3 b5 13. a4 b4 14. Ne2 g5 15.
Bc4 Bf6 16. Qh5 Qe7 17. Rf3 Kh8 18. Rg3 Nc5 19. Rg4 Nbd7 20. Ng3 Nb6 21. Bb3
Nxb3 22. cxb3 Rg8 23. Rc1 Rac8 24. Bc5 Qd7 25. Qh6 Qd8 26. Nh5 Bg7 27. Nxg7
Rxg7 28. Be7 Qd2 29. Bxg5 Qd4+ 30. Be3 1-0

[Event "Icelandic Team Championship 2019-21 - 1s"]
[Site "Reykjavik (round 1-5) and Self"]
[Date "2021.05.14"]
[Round "6.4"]
[White "Petursson, Gudni"]
[Black "Kristinsson, Baldur"]
[Result "1/2-1/2"]
[WhiteElo "2028"]
[BlackElo "2191"]
[PlyCount "33"]
[EventDate "2019.10.03"]
[WhiteTeam "Taflfélag Reykjavíkur b-sveit"]
[BlackTeam "Skákfélagið Huginn"]

1. d4 Nf6 2. c4 g6 3. Nf3 Bg7 4. e3 d6 5. Be2 O-O 6. O-O c5 7. Nc3 b6 8. b3 Bb7
9. Bb2 Na6 10. d5 Ne4 11. Qc1 Nxc3 12. Bxc3 Bxc3 13. Qxc3 e5 14. Nd2 Qe7 15. e4
Nc7 16. f4 f6 17. fxe5 1/2-1/2

[Event "Icelandic Team Championship 2019-21 - 1s"]
[Site "Reykjavik (round 1-5) and Self"]
[Date "2021.05.14"]
[Round "6.4"]
[White "Sigfusson, Sigurdur"]
[Black "Thorisson, Benedikt"]
[Result "1-0"]
[WhiteElo "2298"]
[BlackElo "1597"]
[PlyCount "59"]
[EventDate "2019.10.03"]
[WhiteTeam "Skákfélagið Huginn"]
[BlackTeam "Taflfélag Reykjavíkur b-sveit"]

1. e4 c5 2. Nf3 e6 3. d4 cxd4 4. Nxd4 a6 5. c4 Nf6 6. Nc3 Qc7 7. Bg5 Be7 8. Bd3
b6 9. Qe2 d6 10. f4 Nbd7 11. O-O-O Bb7 12. Rhe1 Nc5 13. Bc2 O-O 14. Kb1 h6 15.
Bxf6 Bxf6 16. e5 dxe5 17. fxe5 Bg5 18. b4 Nd7 19. Qd3 g6 20. Nxe6 Qc6 21. Nxg5
hxg5 22. Qxd7 Qxg2 23. Nd5 Bxd5 24. Qxd5 Qxh2 25. e6 Kg7 26. e7 Rfe8 27. Rh1
Qc7 28. Rh7+ Kxh7 29. Qxf7+ Kh6 30. Qxg6# 1-0

[Event "Icelandic Team Championship 2019-21 - 1s"]
[Site "Reykjavik (round 1-5) and Self"]
[Date "2021.05.14"]
[Round "6.4"]
[White "Jonsson, Kristjan Dagur"]
[Black "Kristjansson, Atli Freyr"]
[Result "0-1"]
[WhiteElo "1712"]
[BlackElo "2176"]
[PlyCount "140"]
[EventDate "2019.10.03"]
[WhiteTeam "Taflfélag Reykjavíkur b-sveit"]
[BlackTeam "Skákfélagið Huginn"]

1. d4 Nf6 2. c4 e6 3. g3 g6 4. Bg2 Bg7 5. Nf3 O-O 6. O-O d5 7. e3 b6 8. Nc3 Ba6
9. Nd2 c5 10. Re1 cxd4 11. exd4 Nc6 12. cxd5 Nxd5 13. Qa4 Bb7 14. Nxd5 exd5 15.
Nf3 Re8 16. Bf4 Re4 17. Be3 Qd7 18. Ng5 Re7 19. Red1 h6 20. Nh3 g5 21. b3 Qf5
22. Rac1 Re6 23. Qb5 Rd8 24. Kh1 Bf6 25. Ng1 Kg7 26. Rc3 Rd7 27. Bh3 g4 28. Bg2
Bg5 29. Ne2 Bxe3 30. fxe3 Rde7 31. Rf1 Qg5 32. Nf4 Rd6 33. Rfc1 Nd8 34. Qd3 Ne6
35. Rf1 h5 36. Rc2 h4 37. gxh4 Qxh4 38. Qf5 Ng5 39. Rc7 Rh6 40. Bh3 Rxc7 41.
Qe5+ Kg8 42. Qxc7 Ba6 43. Nxd5 Bxf1 44. Qb8+ Kg7 45. Qe5+ f6 46. Qe7+ Nf7 47.
Nf4 Bg2+ 48. Kxg2 gxh3+ 49. Kf3 Rh7 50. Ne6+ Kg6 51. Nf8+ Kh6 52. Nxh7 Qh5+ 53.
Kg3 Qg6+ 54. Kf4 Kxh7 55. Qe4 Qxe4+ 56. Kxe4 Kg6 57. Kd5 Kf5 58. b4 Ng5 59. Kc6
Ke4 60. d5 Nf7 61. Kb7 Kxd5 62. Kxa7 Kc6 63. a4 Nd6 64. Ka8 f5 65. Ka7 Nc4 66.
b5+ Kc5 67. Ka6 Kb4 68. a5 bxa5 69. b6 Nxb6 70. Kxb6 a4 0-1

[Event "Icelandic Team Championship 2019-21 - 1s"]
[Site "Reykjavik (round 1-5) and Self"]
[Date "2021.05.14"]
[Round "6.4"]
[White "Rezaei Heris, Hadi"]
[Black "Ptacnikova, Lenka"]
[Result "0-1"]
[WhiteElo "1624"]
[BlackElo "2107"]
[PlyCount "64"]
[EventDate "2019.10.03"]
[WhiteTeam "Taflfélag Reykjavíkur b-sveit"]
[BlackTeam "Skákfélagið Huginn"]

1. d4 Nf6 2. Nf3 e6 3. Bf4 d5 4. e3 Bd6 5. Bg5 Nbd7 6. c4 c6 7. Nc3 O-O 8. cxd5
exd5 9. Bd3 Re8 10. O-O Nf8 11. Re1 h6 12. Bh4 Be7 13. Ne5 Ne4 14. Bxe7 Qxe7
15. Rc1 f6 16. Nxe4 dxe4 17. Bc4+ Kh7 18. Nf7 Be6 19. Qb3 Qxf7 20. Bxe6 Nxe6
21. d5 cxd5 22. Qxd5 f5 23. Rc3 Rad8 24. Qa5 b6 25. Qb5 Nc5 26. h3 Re5 27. Re2
Qxa2 28. Ra3 Rd1+ 29. Kh2 Qf7 30. Qc6 Qd7 31. Qa8 a5 32. b4 Re8 0-1

[Event "Icelandic Team Championship 2019-21 - 1s"]
[Site "Reykjavik (round 1-5) and Self"]
[Date "2021.05.14"]
[Round "6.5"]
[White "Karlsson, Bjorn-Ivar"]
[Black "Baldursson, Haraldur"]
[Result "1-0"]
[WhiteElo "2293"]
[BlackElo "1890"]
[PlyCount "67"]
[EventDate "2019.10.03"]
[WhiteTeam "Skákfélag Akureyrar"]
[BlackTeam "Víkingaklúbburinn b-sveit"]

1. e4 c5 2. Nf3 d6 3. d4 cxd4 4. Nxd4 Nf6 5. Nc3 a6 6. Be3 e6 7. f3 Be7 8. Qd2
Qc7 9. O-O-O Nc6 10. g4 Ne5 11. g5 Nfd7 12. f4 Nc4 13. Bxc4 Qxc4 14. Kb1 b5 15.
f5 Ne5 16. Nce2 Bd7 17. Rhf1 d5 18. b3 Qc7 19. fxe6 fxe6 20. exd5 exd5 21. Nf5
Bxf5 22. Rxf5 g6 23. Rxe5 Qxe5 24. Bd4 Qxg5 25. Bxh8 Qxd2 26. Rxd2 O-O-O 27.
Be5 Bb4 28. c3 Ba3 29. Nf4 Rf8 30. Nxd5 Rf1+ 31. Kc2 Rc1+ 32. Kd3 Kd7 33. c4
Ke6 34. Bb2 1-0

[Event "Icelandic Team Championship 2019-21 - 1s"]
[Site "Reykjavik (round 1-5) and Self"]
[Date "2021.05.14"]
[Round "6.5"]
[White "Runarsson, Gunnar"]
[Black "Thorgeirsson, Jon Kristinn"]
[Result "0-1"]
[WhiteElo "1946"]
[BlackElo "2255"]
[PlyCount "100"]
[EventDate "2019.10.03"]
[WhiteTeam "Víkingaklúbburinn b-sveit"]
[BlackTeam "Skákfélag Akureyrar"]

1. d4 Nf6 2. Nf3 e6 3. c4 d5 4. Nc3 dxc4 5. e4 Bb4 6. Qc2 b5 7. Bg5 h6 8. Be3
Bb7 9. e5 Nd5 10. Be2 Nd7 11. O-O Bxc3 12. bxc3 N7b6 13. Nd2 Nxe3 14. fxe3 Qg5
15. Bf3 Qxe3+ 16. Kh1 Bxf3 17. Rxf3 Qe2 18. Raf1 Nd5 19. R1f2 Qe1+ 20. Rf1 Qh4
21. Rxf7 O-O-O 22. Qg6 Nxc3 23. Qxe6+ Kb8 24. Qc6 Rc8 25. Nxc4 Qe4 26. Na5 Qxc6
27. Nxc6+ Kb7 28. Na5+ Kb6 29. Nb3 a5 30. Rxg7 Rhf8 31. Rg6+ c6 32. Re1 a4 33.
Nc5 Rf4 34. Nd7+ Ka5 35. Rxh6 Rxd4 36. Nf6 Rcd8 37. g4 Rd1 38. Rxd1 Rxd1+ 39.
Kg2 Re1 40. Nd7 b4 41. Rxc6 Nxa2 42. g5 b3 43. Rc5+ Kb4 44. Rc8 Ka3 45. g6 b2
46. Nb6 Rc1 47. g7 b1=Q 48. g8=Q Rg1+ 49. Kh3 Qf5+ 50. Kh4 Qf4+ 0-1

[Event "Icelandic Team Championship 2019-21 - 1s"]
[Site "Reykjavik (round 1-5) and Self"]
[Date "2021.05.14"]
[Round "6.5"]
[White "Sigurpalsson, Runar"]
[Black "Haraldsson, Sigurjon"]
[Result "1-0"]
[WhiteElo "2287"]
[BlackElo "1847"]
[PlyCount "75"]
[EventDate "2019.10.03"]
[WhiteTeam "Skákfélag Akureyrar"]
[BlackTeam "Víkingaklúbburinn b-sveit"]

1. e4 e5 2. Nf3 Nc6 3. Bb5 a6 4. Ba4 Nf6 5. Qe2 d6 6. O-O Be7 7. c3 O-O 8. Rd1
b5 9. Bc2 Bg4 10. h3 Bh5 11. d3 Qd7 12. Nbd2 Nd8 13. Nf1 c5 14. Ng3 Bg6 15. d4
exd4 16. cxd4 c4 17. d5 Re8 18. a4 Rc8 19. axb5 axb5 20. Nd4 Bf8 21. Qf3 Nxd5
22. exd5 Bxc2 23. Nxc2 Nb7 24. Be3 Nc5 25. Bd4 Nb3 26. Nh5 Nxd4 27. Rxd4 Re5
28. Ne3 Kh8 29. Ng3 g6 30. Ng4 Bg7 31. Nxe5 Bxe5 32. Re4 Bxb2 33. Rae1 Rc7 34.
Re8+ Kg7 35. Nh5+ gxh5 36. Qg3+ Kf6 37. Qf4+ Kg6 38. Rg8+ 1-0

[Event "Icelandic Team Championship 2019-21 - 1s"]
[Site "Reykjavik (round 1-5) and Self"]
[Date "2021.05.14"]
[Round "6.5"]
[White "Ingason, Sigurdur"]
[Black "Karason, Askell O"]
[Result "1/2-1/2"]
[WhiteElo "1773"]
[BlackElo "2274"]
[PlyCount "68"]
[EventDate "2019.10.03"]
[WhiteTeam "Víkingaklúbburinn b-sveit"]
[BlackTeam "Skákfélag Akureyrar"]

1. d4 Nf6 2. c4 e6 3. Nc3 Bb4 4. e3 O-O 5. Nge2 Re8 6. a3 Bf8 7. d5 exd5 8.
cxd5 a5 9. Nf4 Na6 10. Bd3 Nc5 11. Bc2 d6 12. O-O g6 13. Rb1 Bg7 14. Bd2 Bd7
15. Re1 a4 16. e4 Ng4 17. h3 Ne5 18. Be3 Qf6 19. Nfe2 Bxh3 20. gxh3 Nf3+ 21.
Kg2 Nxe1+ 22. Qxe1 Qh4 23. Qd2 Re5 24. Rh1 h6 25. Bf4 Ree8 26. Bg3 Qe7 27. f3
Rf8 28. Bf4 Kh7 29. h4 h5 30. Bg5 Qd7 31. Be3 Rfe8 32. Bd4 Bh6 33. Be3 Bg7 34.
Bd4 Bh6 1/2-1/2

[Event "Icelandic Team Championship 2019-21 - 1s"]
[Site "Reykjavik (round 1-5) and Self"]
[Date "2021.05.14"]
[Round "6.5"]
[White "Halldorsson, Halldor"]
[Black "Thordarson, Sturla"]
[Result "1-0"]
[WhiteElo "2246"]
[BlackElo "1711"]
[PlyCount "57"]
[EventDate "2019.10.03"]
[WhiteTeam "Skákfélag Akureyrar"]
[BlackTeam "Víkingaklúbburinn b-sveit"]

1. e4 c5 2. Nf3 Nc6 3. Bb5 g6 4. O-O Bg7 5. c3 Nf6 6. Qa4 O-O 7. d4 cxd4 8.
cxd4 e6 9. Nc3 Ne7 10. e5 Nfd5 11. Ne4 a6 12. Bg5 f6 13. exf6 Nxf6 14. Rfe1
Ned5 15. Qa3 Qb6 16. Bc4 Nxe4 17. Rxe4 h6 18. Bd2 Nf6 19. Re2 d5 20. Bd3 g5 21.
Rc1 Bd7 22. Ba5 Qa7 23. Rc7 Rac8 24. Rec2 Rxc7 25. Rxc7 Rc8 26. Rxc8+ Bxc8 27.
Qe7 Qb8 28. Bc7 Qa8 29. Qd8+ 1-0

[Event "Icelandic Team Championship 2019-21 - 1s"]
[Site "Reykjavik (round 1-5) and Self"]
[Date "2021.05.14"]
[Round "6.5"]
[White "Stefansson, Bjorn Gretar"]
[Black "Bergsson, Stefan"]
[Result "0-1"]
[WhiteElo "1665"]
[BlackElo "2148"]
[PlyCount "74"]
[EventDate "2019.10.03"]
[WhiteTeam "Víkingaklúbburinn b-sveit"]
[BlackTeam "Skákfélag Akureyrar"]

1. c4 c5 2. g3 Nc6 3. Bg2 g6 4. Nf3 Bg7 5. Nc3 e5 6. d3 Nge7 7. O-O O-O 8. a3
d6 9. Rb1 a5 10. Nd2 Be6 11. Nb5 f5 12. f4 exf4 13. Rxf4 g5 14. Rf1 Ng6 15. e3
Rb8 16. b3 g4 17. Bb2 h5 18. d4 Bc8 19. dxc5 dxc5 20. Bxg7 Kxg7 21. Qc2 h4 22.
Rbd1 Qe7 23. Qc3+ Kh6 24. e4 f4 25. gxf4 Nxf4 26. Qe3 Qg5 27. Rde1 Ne5 28. Rxf4
Rxf4 29. Nd6 Nf3+ 30. Kh1 Nxd2 31. Qc3 Be6 32. Nf5+ Kh7 33. Qe5 Re8 34. Qc7+
Kg8 35. Nd6 Ref8 36. Nf5 h3 37. Ne7+ Kh8 0-1

[Event "Icelandic Team Championship 2019-21 - 1s"]
[Site "Reykjavik (round 1-5) and Self"]
[Date "2021.05.14"]
[Round "6.5"]
[White "Ingibergsson, Gunnar"]
[Black "Thorhallsson, Simon"]
[Result "0-1"]
[WhiteElo "1439"]
[BlackElo "2197"]
[PlyCount "48"]
[EventDate "2019.10.03"]
[WhiteTeam "Víkingaklúbburinn b-sveit"]
[BlackTeam "Skákfélag Akureyrar"]

1. d4 Nf6 2. c4 e6 3. Nc3 Bb4 4. Qc2 O-O 5. Nf3 b6 6. e4 d5 7. e5 Ne4 8. Bd3
Bb7 9. O-O Bxc3 10. bxc3 c5 11. cxd5 exd5 12. Be3 Nd7 13. c4 cxd4 14. Bxd4 Rc8
15. Qe2 Ndc5 16. Rac1 Nxd3 17. Qxd3 dxc4 18. Qe3 Nc5 19. Bxc5 Rxc5 20. e6 fxe6
21. Qxe6+ Kh8 22. Ne5 Bd5 23. Qd7 Qg5 24. Ng4 Rd8 0-1

[Event "Icelandic Team Championship 2019-21 - 1s"]
[Site "Reykjavik (round 1-5) and Self"]
[Date "2021.05.15"]
[Round "7.1"]
[White "Runarsson, Gunnar"]
[Black "Steingrimsson, Hedinn"]
[Result "0-1"]
[WhiteElo "1946"]
[BlackElo "2510"]
[PlyCount "92"]
[EventDate "2019.10.03"]
[WhiteTeam "Víkingaklúbburinn b-sveit"]
[BlackTeam "Skákdeild Fjölnis"]

1. d4 Nf6 2. Nf3 d5 3. c4 e6 4. Nc3 c6 5. e3 Nbd7 6. Bd3 dxc4 7. Bxc4 b5 8. Bd3
Bb7 9. O-O Bd6 10. e4 e5 11. dxe5 Nxe5 12. Nxe5 Bxe5 13. Bg5 h6 14. Bh4 Qd6 15.
Bg3 Bxg3 16. hxg3 Rd8 17. e5 Qxd3 18. exf6 Qxd1 19. Raxd1 Rxd1 20. Rxd1 gxf6
21. Ne4 Ke7 22. Re1 Bc8 23. b4 Rd8 24. Re3 Rd1+ 25. Kh2 Rd4 26. a3 Be6 27. Nc5
Rc4 28. Ne4 f5 29. Nd2 Rc2 30. Rd3 c5 31. bxc5 Rxc5 32. Nf3 a6 33. Re3 Rc2 34.
Kg1 Rc1+ 35. Kh2 Rf1 36. Re2 Rd1 37. Ne1 Kd6 38. Nc2 Rd3 39. a4 bxa4 40. Nb4
Rd4 41. Nc2 Rc4 42. Ne3 Rc3 43. Rb2 a3 44. Rb4 a2 45. Ra4 Rc1 46. Rxa6+ Kc5 0-1

[Event "Icelandic Team Championship 2019-21 - 1s"]
[Site "Reykjavik (round 1-5) and Self"]
[Date "2021.05.15"]
[Round "7.1"]
[White "Ragnarsson, Dagur"]
[Black "Ingason, Sigurdur"]
[Result "1/2-1/2"]
[WhiteElo "2396"]
[BlackElo "1773"]
[PlyCount "78"]
[EventDate "2019.10.03"]
[WhiteTeam "Skákdeild Fjölnis"]
[BlackTeam "Víkingaklúbburinn b-sveit"]

1. d4 f5 2. g3 Nf6 3. Bg2 e6 4. Nf3 Be7 5. c4 d6 6. Nc3 O-O 7. O-O Ne4 8. Nxe4
fxe4 9. Ne1 d5 10. f3 c5 11. fxe4 dxc4 12. d5 Bf6 13. Qc2 exd5 14. exd5 Qe7 15.
Qxc4 Bd4+ 16. Kh1 Rxf1+ 17. Bxf1 Qf7 18. Nf3 Bd7 19. Bg2 b5 20. Qd3 Bf6 21. e4
c4 22. Qe2 Bg4 23. Bf4 Nd7 24. a4 Re8 25. h3 Bf5 26. Ng5 Bxg5 27. Bxg5 Qxd5 28.
exd5 Rxe2 29. axb5 Rxb2 30. Rxa7 Rb1+ 31. Kh2 Rb2 32. Kg1 Rb1+ 33. Kf2 Rb2+ 34.
Kf3 Nc5 35. Bf1 Bd3 36. Bxd3 cxd3 37. Rc7 Rxb5 38. Be3 Nb3 39. Rc3 Rxd5 1/2-1/2

[Event "Icelandic Team Championship 2019-21 - 1s"]
[Site "Reykjavik (round 1-5) and Self"]
[Date "2021.05.15"]
[Round "7.1"]
[White "Brynjarsson, Einar Dagur"]
[Black "Thorsteinsson, Erlingur"]
[Result "0-1"]
[WhiteElo "1157"]
[BlackElo "2053"]
[PlyCount "46"]
[EventDate "2019.10.03"]
[WhiteTeam "Víkingaklúbburinn b-sveit"]
[BlackTeam "Skákdeild Fjölnis"]

1. e4 c6 2. d4 d5 3. exd5 cxd5 4. Nf3 Nf6 5. Nc3 a6 6. Bf4 e6 7. Bd3 Bd6 8. Ne5
Nc6 9. O-O Nxd4 10. Bxa6 Rxa6 11. Qxd4 O-O 12. Bg5 Be7 13. Ng4 Nxg4 14. Bxe7
Qxe7 15. Qxg4 Rb6 16. Qd4 Rb4 17. Qe5 Qf6 18. Qxf6 gxf6 19. b3 Bd7 20. a3 Rb6
21. Rfe1 Rc8 22. Ne2 Rxc2 23. b4 Rc4 {unreadable} 0-1

[Event "Icelandic Team Championship 2019-21 - 1s"]
[Site "Reykjavik (round 1-5) and Self"]
[Date "2021.05.15"]
[Round "7.2"]
[White "Jonsson, Gauti Pall"]
[Black "Karlsson, Bjorn-Ivar"]
[Result "0-1"]
[WhiteElo "2081"]
[BlackElo "2293"]
[PlyCount "72"]
[EventDate "2019.10.03"]
[WhiteTeam "Taflfélag Reykjavíkur b-sveit"]
[BlackTeam "Skákfélag Akureyrar"]

1. d4 Nf6 2. c4 e6 3. Nf3 b6 4. g3 Ba6 5. Qc2 c5 6. d5 exd5 7. cxd5 Bb7 8. e4
Qe7 9. Bd3 Nxd5 10. a3 Nc7 11. O-O Nc6 12. Nc3 Ne6 13. Nd5 Qd8 14. Nh4 Ncd4 15.
Qd1 g5 16. Nf3 h5 17. Nxd4 Nxd4 18. f4 g4 19. f5 Bd6 20. Bf4 Bxf4 21. Rxf4 Bxd5
22. exd5 Qf6 23. Be4 Kf8 24. Qd3 Re8 25. Raf1 Re5 26. Kh1 Kg7 27. R1f2 Rhe8 28.
Rf1 d6 29. R1f2 b5 30. Rf1 R5e7 31. R1f2 a6 32. Rf1 c4 33. Qxd4 Qxd4 34. f6+
Kf8 35. fxe7+ Rxe7 36. Bg2 Qxb2 0-1